Central Library OPAC University of Rajshahi

Competing to be really, really good : (Record no. 60831)

MARC details
000 -LEADER
fixed length control field 01100nam a2200277 a 4500
001 - CONTROL NUMBER
control field 60831
003 - CONTROL NUMBER IDENTIFIER
rucl marc code BD-RjUL
005 - DATE AND TIME OF LATEST TRANSACTION
control field 20211209080904.0
008 - FIXED-LENGTH DATA ELEMENTS--GENERAL INFORMATION
fixed length control field 170103s2007 ja a b 001 0 eng d
020 ## - INTERNATIONAL STANDARD BOOK NUMBER
International Standard Book Number 9784924971219
035 ## - SYSTEM CONTROL NUMBER
System control number (BD-RjUL)60955
040 ## - CATALOGING SOURCE
Original cataloging agency DLC
Transcribing agency DLC
Language of cataloging eng
Modifying agency (BD-RjUL)
041 1# - LANGUAGE CODE
Language code of text/sound track or separate title eng
Language code of original jpn
082 ## - DEWEY DECIMAL CLASSIFICATION NUMBER
Edition number 23
Classification number 338.470952
Author mark and year FUC 2007
100 1# - MAIN ENTRY--PERSONAL NAME
Personal name Fujimoto, Takahiro,
Dates associated with a name 1955-
9 (RLIN) 181313
245 10 - TITLE STATEMENT
Title Competing to be really, really good :
Remainder of title the behind-the-scenes drama of capability-building competition in the autopobile industry /
Statement of responsibility, etc. Takahiro Fujimoto ; translated by Brian Miller.
260 ## - PUBLICATION, DISTRIBUTION, ETC. (IMPRINT)
Place of publication, distribution, etc. Tokyo, Japan :
Name of publisher, distributor, etc. International House of Japan,
Date of publication, distribution, etc. c2007.
300 ## - PHYSICAL DESCRIPTION
Pagination xi, 156 p. :
Illustrations ill. ;
Size 24 cm.
500 ## - GENERAL NOTE
General note "LCTB International Library Trust/International House of Japan"
504 ## - BIBLIOGRAPHY, ETC. NOTE
Bibliography, etc Includes bibliographical references (p. 147) and index.
650 #0 - SUBJECT ADDED ENTRY--TOPICAL TERM
Topical term or geographic name as entry element Automobile industry and trade
Geographic subdivision Japan
General subdivision History.
9 (RLIN) 174346
Topical term or geographic name as entry element Automobile industry and trade--Management
9 (RLIN) 181314
700 1# - ADDED ENTRY--PERSONAL NAME
Personal name Miller, Brian.
942 ## - ADDED ENTRY ELEMENTS (KOHA)
Source of classification or shelving scheme Dewey Decimal Classification
Koha item type Books
Holdings
Lost status Source of classification or shelving scheme Damaged status Not for loan Collection code Permanent Location Current Location Shelving location Date acquired Total Checkouts Full call number Date last seen Copy number Koha item type
  Dewey Decimal Classification   Not For Loan Non-fiction Central Library, University of Rajshahi Central Library, University of Rajshahi Reading Room 17/07/2007   338.470952 FUC 2007 03/01/2017 C-1 Books